000 00516cam a2200169 a 4500
020 _a0246116331 :
082 0 0 _a692.8
_bPAR
100 1 _aParris, John.
_945454
245 1 4 _aThe standard form of building contract :
_bJCT 80 /
_cJohn Parris.
260 _aLondon ;
_aNew York :
_bGranada,
_c1982.
300 _aviii, 216 p. ;
_c24 cm.
500 _aIncludes index.
526 _a0
_b0
_c0
_d692_800000000000000_PAR
650 0 _aConstruction contracts
_zGreat Britain.
_937710
650 0 _aMCE
_9379
942 _2ddc
_cBK
999 _c548974
_d548974